A system of national education (Record no. 479444)

000 -LEADER
fixed length control field 00387cam a22001457a 4500
008 - FIXED-LENGTH DATA ELEMENTS--GENERAL INFORMATION
fixed length control field 180718b1953 xxu||||| |||| 00| 0 eng d
082 ## - DEWEY DECIMAL CLASSIFICATION NUMBER
Classification number Px54 G346s
100 ## - MAIN ENTRY--PERSONAL NAME
Personal name Ghosh, Aurobindo
245 ## - TITLE STATEMENT
Title A system of national education
Statement of responsibility, etc. by Aurobindo Ghosh
250 ## - EDITION STATEMENT
Edition statement 4th ed.
260 ## - PUBLICATION, DISTRIBUTION, ETC.
Place of publication, distribution, etc. Calcutta
Name of publisher, distributor, etc. Arya Pub. House
Date of publication, distribution, etc. 1953
300 ## - PHYSICAL DESCRIPTION
Extent 57p.
500 ## - GENERAL NOTE
General note Rs.1.00
650 ## - SUBJECT ADDED ENTRY--TOPICAL TERM
Topical term or geographic name entry element Education - India
Holdings
Withdrawn status Lost status Damaged status Not for loan Permanent Location Current Location Date acquired Full call number Barcode Date last seen Price effective from Koha item type
        Indian Institute of Public Administration Indian Institute of Public Administration 2018-08-04 Px54 G346s GR5517 2018-08-04 2018-08-04 GR

Powered by Koha